000 01514nam a2200361 a 4500
001 ebr10427511
003 CaPaEBR
006 m u
007 cr cn|||||||||
008 090305s2009 enka sb 001 0 eng
010 _z 2009008777
020 _z9781855394667 (pbk. : alk. paper)
020 _z1855394669 (pbk. : alk. paper)
040 _aCaPaEBR
_cCaPaEBR
035 _a(OCoLC)676697974
043 _an-us---
050 1 4 _aLC311
_b.H365 2009eb
082 0 4 _a370.11/4
_222
100 1 _aHannam, Patricia.
245 1 0 _aPhilosophy with teenagers
_h[electronic resource] :
_bnurturing a moral imagination for the 21st century /
_cPatricia Hannam and Eugenio Echeverria.
260 _aLondon ;
_aNew York :
_bNetwork Continuum,
_c2009.
300 _axxiii, 180 p. :
_bill.
504 _aIncludes bibliographical references and index.
533 _aElectronic reproduction.
_bPalo Alto, Calif. :
_cebrary,
_d2013.
_nAvailable via World Wide Web.
_nAccess may be limited to ebrary affiliated libraries.
650 0 _aMoral education (Secondary)
_zUnited States.
650 0 _aPhilosophy
_xStudy and teaching (Secondary)
_zUnited States.
650 0 _aMulticultural education
_zUnited States.
650 0 _aEducation and globalization
_zUnited States.
655 7 _aElectronic books.
_2local
700 1 _aEcheverria, Eugenio.
710 2 _aebrary, Inc.
856 4 0 _uhttp://site.ebrary.com/lib/rucke/Doc?id=10427511
_zAn electronic book accessible through the World Wide Web; click to view
999 _c239981
_d239981